000 00757nam a2200229Ia 4500
001 15792
003 GE_BSU
008 181216s||||||||xx |||||||||||||| ||und||
040 _cGE_BSU
080 _a821.353.1-1
100 _aჭელიძე, ოთარ
245 _aრჩეული
245 _bლექსები.ბალადები
245 _cრედ.ვ.ჯავახაძე. მხატვ. ჯ.ყაველაშვილი
260 _aთბილისი
260 _bსაბჭ. საქართველო
260 _c1968.
300 _a290გვ. : 1 ფ. პორტრ. ; 15სმ.
653 _aლექსები.ბალადები
653 _aრჩეული
942 _cBK
999 _c48889
_d48889